000
00409nam a2200157Ia 4500
008
100122s9999 xx 000 0 und d
082
_b
72410
_a
824
100
_a
कणेकर शिरीष
245
_a
मेतकूट
250
_a
1
260
_b
दिलीप प्रकाशन
_c
2007
300
_a
260
630
_a
मेतकूट
730
_a
मेतकूट
942
_c
BOOK
999
_c
388288
_d
388285